Las obligaciones de dar cosa cierta y los derechos reales (Registro nro. 31714)
[ vista simple ]
| 000 -LEADER | |
|---|---|
| fixed length control field | 00423 a2200133 4500 |
| 001 - CONTROL NUMBER | |
| control field | ART_44616 |
| 005 - DATE AND TIME OF LATEST TRANSACTION | |
| control field | 20260410162006.0 |
| 008 - FIXED-LENGTH DATA ELEMENTS--GENERAL INFORMATION | |
| fixed length control field | 260409a |
| 100 1# - MAIN ENTRY--PERSONAL NAME | |
| Personal name | Tanzi, Silvia Y. |
| 245 10 - TITLE STATEMENT | |
| Title | Las obligaciones de dar cosa cierta y los derechos reales |
| 700 1# - ADDED ENTRY--PERSONAL NAME | |
| Personal name | Corna, Pablo M. |
| 700 1# - ADDED ENTRY--PERSONAL NAME | |
| Personal name | Fossaceca, Carlos Alberto (h) |
| 773 0# - HOST ITEM ENTRY | |
| Title | Temas de derecho civil |
| Related parts | - Año 3, Nº 11 (nov. 2017) |
| Record control number | REV34778 |
No hay ítems disponibles.